| 000 | 00469nam a22001817a 4500 | ||
|---|---|---|---|
| 020 | _a9788131767160 | ||
| 082 |
_a658 _bKOT/MA |
||
| 100 |
_akotler, Philip _9100 |
||
| 245 | _aMarketing Management: A South Asian Perspective | ||
| 250 | _a14 | ||
| 260 |
_aNew Delhi _bPearson _c2013 |
||
| 300 | _a596 | ||
| 650 |
_aMaketing Management _9101 |
||
| 700 |
_aKeller, Kevin Lane _9102 |
||
| 700 |
_aKoshy, Abraham _9103 |
||
| 700 |
_aJha, Mithileshwar _9104 |
||
| 942 | _cBK | ||
| 999 |
_c14105 _d14105 |
||